000 00859nam a2200241 a 4500
001 000041829
003 DO-SdBNP
005 20240927073749.0
007 ta
008 131018e1973 dr aco gr 001 s spa d
040 _aDO-SdBNP
_bspa
_cBNPHU
082 4 _a972.93054
_bB171di
_222
100 1 _a Balaguer, Joaquín,
_d1906-2002
_976556
245 1 0 _aDiscursos :
_btemas históricos y literarios /
_cJoaquín Balaguer.
260 _aSanto Domingo :
_bCorripio,
_c1973
300 _a331 p. :
_bilustraciones, fotos. y retratos. ;
_c19 cm.
590 _aInventariado, 2019/BT
600 1 0 _a Balaguer, Joaquín,
_d1906-2002
_976556
650 0 _aLiteratura dominicana.
_vEnsayos, conferencias, etc.
_967
651 4 _aRepública Dominicana
_xHistoria
_yEnsayos, conferencias, etc.
_983171
910 _aMFeliz/Validado. Control de calidad MFF
942 _2ddc
_cLBS1
999 _c41318
_d41318